000 00338nam a2200145Ia 4500
008 230817s2022 xx 000 0 und d
041 _aeng
082 _a34534/DES
100 _aDESAI S S
245 _aINTERPRETATION OF STATUES
250 _a1 Ed
260 _aKOLHAPUR
_bS S LAW PUB
_c2022
300 _a1-116p
700 _aDESAI S S
999 _c850523
_d850523